| 000 | 00717nam a2200253Ia 4500 | ||
|---|---|---|---|
| 008 | 180523s9999 xx 000 0 und d | ||
| 020 | _a978-0-07-122099-6 | ||
| 050 | _aMAIN HA 29 | ||
| 050 | _b.L56 2011 | ||
| 100 | _aLind, Douglas A. | ||
| 245 | 0 | _aBasic statistics for business & economics / | |
| 245 | 0 | _cDouglas A. Lind. | |
| 250 | _a7th Edition | ||
| 260 | _aCanada : | ||
| 260 | _bMcGraw-Hill, | ||
| 260 | _c2011 | ||
| 300 | _a566 pages : | ||
| 300 | _bcolored illustrations ; | ||
| 300 | _c27 cm. | ||
| 500 | _aIncludes index. | ||
| 650 | _aIndustrial management -- Statistical methods. | ||
| 650 | _aSocial sciences -- Statistical methods. | ||
| 650 | _xEconomics -- Statistical methods. | ||
| 999 |
_c356747 _d356747 |
||